00316nam a2200121Ia 450000500170000000800410001708200130005810000180007124500380008926000360012730000130016365000180017620250322122409.0240331s9999 xx 000 0 und d bRAVa894 aRavichandran, 0aIndra Gandhiyin irandawathu mugam aShivagangaibAnam Pvt Ltdc1984 a120 p ., aShort Stories